书目信息 |
| 题名: |
青年科学家
|
|
| 作者: | ;《青年科学家》编委会 编 | |
| 分册: | 3 | |
| 出版信息: | 北京 中国青年出版社 |
|
| 页数: | 48页 | |
| 开本: | 26cm | |
| 丛书名: | ||
| 单 册: | ||
| 中图分类: | N55 | |
| 科图分类: | ||
| 主题词: | 自然科学--连续出版物 , 自然科学--斯刊 | |
| 电子资源: | ||
| ISBN: | ||
| 000 | 00599nam0 2200193 45 | |
| 001 | 0312221749 | |
| 005 | 20060523103756.96 | |
| 010 | @dCNY0.26 | |
| 100 | @a20031222d km y0chiy0120 ea | |
| 101 | @achi | |
| 200 | 1 | @a青年科学家@AQing Nian Ke Xue Jia@h3@f《青年科学家》编委会编@F《qing nian ke xue jia》bian wei hui bian |
| 210 | @a北京@c中国青年出版社 | |
| 215 | @a48页@d26cm | |
| 606 | 0 | @a自然科学@x连续出版物 |
| 606 | 0 | @a自然科学@x斯刊 |
| 690 | @aN55@v3 | |
| 711 | 0 | @a《青年科学家》编委会@A《qing nian ke xue jia》bian wei hui@4编 |
| 801 | @aCN@bTSTCL@c20060523 | |
| 905 | @a213230@dN55@e13:3 | |
| 青年科学家.3/《青年科学家》编委会编.-北京:中国青年出版社 |
| 48页;26cm |
| ISBN :CNY0.26 |
| ● |
| 相关链接 |
|
|
|
|
正题名:青年科学家
索取号:N55/13:3
 
预约/预借
| 序号 | 登录号 | 条形码 | 馆藏地/架位号 | 状态 | 备注 |
| 1 | 0074137 | 202376446 | 密集书库/ [索取号:N55/13:3] | 在馆 | |
| 2 | 0074138 | 202376687 | 密集书库/ [索取号:N55/13:3] | 在馆 | |
| 3 | 0074139 | 202376696 | 密集书库/ [索取号:N55/13:3] | 在馆 |